¿Qué, cómo y cuanto de la psicoeducación del paciente bipolar en Chile /

Hoy se acepta que la psicoeducación es una herramienta esencial para el manejo adecuado del trastorno bipolar. La combinación de farmacología moderna con técnicas de psicoeducación, han demostrado ser determinantes en la evolución de estos pacientes. Este artículo incluye una breve reseña de los tra...

Descripción completa

Detalles Bibliográficos
Otros Autores: Icekson M., Benjamín
Formato: Analitica de revista
Lenguaje:español
Publicado: Santiago, Chile Universidad de Chile. Facultad de Medicina 2006
Materias:
Acceso en línea:

MARC

LEADER 00000cab a2200000 a 4500
001 047901
003 UAHC_CL
005 20180611114557.0
008 090812s2005 cl 000 spa
952 |0 0  |1 0  |4 0  |6 TRASTOR___ANIMO02_06_000000000000000  |7 0  |8 General  |9 86319  |a BC  |b BC  |c General  |d 2017-08-03  |l 0  |o TRASTOR. ANIMO-02/06  |p FICTICIO7998  |r 2019-01-08 00:00:00  |t 1  |w 2017-08-03  |y REVA 
999 |c 47901  |d 47901 
022 |a 07182015 
040 |a UAHC_CL  |c UAHC_CL  |d UAHC_CL 
245 1 0 |a ¿Qué, cómo y cuanto de la psicoeducación del paciente bipolar en Chile /  |c Benjamín Icekson M. ... [et al.]. 
260 |b Universidad de Chile. Facultad de Medicina  |a Santiago, Chile  |c 2006 
300 |a p. 94-102 
310 |a Semestral 
500 |a En: Trastornos del ánimo, vol. 2 n˚2, 2006. ISBN 07182015. p. 94-102. 
520 |a Hoy se acepta que la psicoeducación es una herramienta esencial para el manejo adecuado del trastorno bipolar. La combinación de farmacología moderna con técnicas de psicoeducación, han demostrado ser determinantes en la evolución de estos pacientes. Este artículo incluye una breve reseña de los trabajos más importantes sobre psicoeducación en el paciente bipolar y pretende mostrar una panorámica acerca del "qué, cómo y cuánto" se hace en psicoeducación en los centros psiquiátricos más importantes del país. Finalmente, se proponen algunas sugerencias para mejorar esta actividad. 
521 |a Psiquiatría II 
650 4 |a TRASTORNO BIPOLAR 
650 4 |a DEPRESION 
653 |a PSICOLOGIA 
658 |a Olguín, Pablo 
658 |a Olguín, Pablo 
700 1 |a Icekson M., Benjamín 
700 1 |a Icekson M., Benjamín 
773 0 |t TS Cuadernos de trabajo social  |w 047958 
900 |a TRASTOR. ANIMO-02/06 
942 |c REVA  |2 ddc